<?xml version="1.0" encoding="UTF-8"?>
<record
    xmlns:xsi="http://www.w3.org/2001/XMLSchema-instance"
    xsi:schemaLocation="http://www.loc.gov/MARC21/slim http://www.loc.gov/standards/marcxml/schema/MARC21slim.xsd"
    xmlns="http://www.loc.gov/MARC21/slim">

  <leader>01069cam a2200253L  4500</leader>
  <controlfield tag="001">twilightoftyrant00szul</controlfield>
  <controlfield tag="003">CaSfIA</controlfield>
  <controlfield tag="005">20210119104543.0</controlfield>
  <controlfield tag="007">cr||||</controlfield>
  <controlfield tag="008">091212s1959    nyu           000 u eng d</controlfield>
  <datafield tag="040" ind1=" " ind2=" ">
    <subfield code="a">DKDLA</subfield>
    <subfield code="b">dan</subfield>
    <subfield code="c">DKDLA</subfield>
    <subfield code="d">CaSfIA</subfield>
  </datafield>
  <datafield tag="035" ind1=" " ind2=" ">
    <subfield code="a">(OCoLC)479514338</subfield>
  </datafield>
  <datafield tag="084" ind1=" " ind2=" ">
    <subfield code="a">Am</subfield>
    <subfield code="2">z</subfield>
  </datafield>
  <datafield tag="245" ind1="0" ind2="0">
    <subfield code="a">Twilight of the tyrants.</subfield>
    <subfield code="h">[electronic resource] </subfield>
  </datafield>
  <datafield tag="260" ind1=" " ind2=" ">
    <subfield code="a">[New York],</subfield>
    <subfield code="c">(1959).</subfield>
  </datafield>
  <datafield tag="300" ind1=" " ind2=" ">
    <subfield code="a">312 s. 2 tvl.</subfield>
  </datafield>
  <datafield tag="700" ind1="1" ind2=" ">
    <subfield code="a">Szulc, Tad.</subfield>
  </datafield>
  <datafield tag="029" ind1="0" ind2=" ">
    <subfield code="a">DKDLA</subfield>
    <subfield code="b">17977464</subfield>
  </datafield>
  <datafield tag="856" ind1="4" ind2="1">
    <subfield code="u">http://www.archive.org/details/twilightoftyrant00szul</subfield>
    <subfield code="z">Free eBook from the Internet Archive</subfield>
  </datafield>
  <datafield tag="856" ind1="4" ind2="2">
    <subfield code="u">http://www.openlibrary.org/books/OL24400866M</subfield>
    <subfield code="z">Additional information and access via Open Library</subfield>
  </datafield>
  <datafield tag="942" ind1=" " ind2=" ">
    <subfield code="c">EB</subfield>
  </datafield>
  <datafield tag="506" ind1=" " ind2=" ">
    <subfield code="f">&#x41D;&#x435;&#x43E;&#x431;&#x445;&#x456;&#x434;&#x43D;&#x430; &#x430;&#x432;&#x442;&#x43E;&#x440;&#x438;&#x437;&#x430;&#x446;&#x456;&#x44F; &#x43D;&#x430; https://archive.org/ (&#x441;&#x442;&#x432;&#x43E;&#x440;&#x435;&#x43D;&#x43D;&#x44F; &#x43E;&#x431;&#x43B;&#x456;&#x43A;&#x43E;&#x432;&#x43E;&#x433;&#x43E; &#x437;&#x430;&#x43F;&#x438;&#x441;&#x443; &#x431;&#x435;&#x437;&#x43A;&#x43E;&#x448;&#x442;&#x43E;&#x432;&#x43D;&#x43E;)</subfield>
  </datafield>
  <datafield tag="506" ind1=" " ind2=" ">
    <subfield code="f">&#x41D;&#x435;&#x43E;&#x431;&#x445;&#x456;&#x434;&#x43D;&#x430; &#x430;&#x432;&#x442;&#x43E;&#x440;&#x438;&#x437;&#x430;&#x446;&#x456;&#x44F; &#x43D;&#x430; https://openlibrary.org/ (&#x441;&#x442;&#x432;&#x43E;&#x440;&#x435;&#x43D;&#x43D;&#x44F; &#x43E;&#x431;&#x43B;&#x456;&#x43A;&#x43E;&#x432;&#x43E;&#x433;&#x43E; &#x437;&#x430;&#x43F;&#x438;&#x441;&#x443; &#x431;&#x435;&#x437;&#x43A;&#x43E;&#x448;&#x442;&#x43E;&#x432;&#x43D;&#x43E;)</subfield>
  </datafield>
  <datafield tag="999" ind1=" " ind2=" ">
    <subfield code="c">560245</subfield>
    <subfield code="d">560245</subfield>
  </datafield>
</record>
